| 000 | 01185nam a22002297a 4500 | ||
|---|---|---|---|
| 005 | 20100726145023.0 | ||
| 010 | _aHIN-89831 | ||
| 020 |
_a9789380044316 _c200.00 |
||
| 035 | _aHN-62177 | ||
| 037 | _bDBAD/PUB | ||
| 082 | _aक | ||
| 100 |
_aशर्मा, विपिन कुमार _91519 |
||
| 245 |
_aबहेलिये: _bकहानी-संग्रह / _cविपिन कुमार शर्मा |
||
| 246 |
_aBaheliye:Kahani-Sangraha _bby Vipin Kumar Sharma |
||
| 260 |
_aगाजियाबाद (उ.प्र.) _bअंतिका प्रकाशन _c2010 |
||
| 270 |
_aसी-56/ यूजीएफ-4, शालीमार गार्डन, एक्स.-II _bगाजियाबाद (उ.प्र.) _e201005 _k0120-6475212, 09868380797 _mantika56@gmail.com |
||
| 300 |
_a120पृ. _c22सेमी (सजिल्द) |
||
| 650 |
_bलघु कथाएँ, हिन्दी _91169 |
||
| 650 |
_bShort Stories _91170 |
||
| 942 |
_2ddc _cHN _hक _mशर्मावि |
||
| 999 |
_c37752 _d37752 |
||